Armas, gérmenes y acero. Breve historia de la humanidad en los últimos 13.0000 años.
Hace 13.000 años la evolución de las distintas sociedades humanas comenzó a tomar rumbos diferentes. La temprana domesticación de animales y el cultivo de plantas silvestres en el Creciente Fértil, China, Mesoamérica y otras zonas geográficas otorgó una ventaja inicial a sus habitantes. Sin embargo,...
Saved in:
| Hovedforfatter: | |
|---|---|
| Andre forfattere: | |
| Format: | Bog |
| Sprog: | engelsk |
| Udgivet: |
Barcelona, España:
Debolsillo,
2013.
|
| Udgivelse: | Octava edición. |
| Serier: | Historia,
185. |
| Fag: | |
| Tags: |
Tilføj Tag
Ingen Tags, Vær først til at tagge denne postø!
|
MARC
| LEADER | 00000nam a22000007a 4500 | ||
|---|---|---|---|
| 003 | CL-VaPUC | ||
| 005 | 20231107100023.0 | ||
| 008 | 220314t2013 ||||| |||| 00| 0 eng d | ||
| 999 | |c 434801 |d 434799 | ||
| 020 | |a 978-84-8346-326-0 | ||
| 040 | |c Pontificia Universidad Católica de Valparaíso | ||
| 082 | 7 | |a 304.209 DIA 2013 |2 22 | |
| 100 | |a Diamond, Jared M. |9 867131 |e autor | ||
| 245 | |a Armas, gérmenes y acero. |b Breve historia de la humanidad en los últimos 13.0000 años. | ||
| 250 | |a Octava edición. | ||
| 260 | |a Barcelona, España: |b Debolsillo, |c 2013. | ||
| 300 | |a 588 páginas: ilustraciones. | ||
| 490 | |a Historia, |v 185. | ||
| 500 | |a c.1 Donación Familia Prof. Alejandro Guzmán Brito. | ||
| 520 | |a Hace 13.000 años la evolución de las distintas sociedades humanas comenzó a tomar rumbos diferentes. La temprana domesticación de animales y el cultivo de plantas silvestres en el Creciente Fértil, China, Mesoamérica y otras zonas geográficas otorgó una ventaja inicial a sus habitantes. Sin embargo, los orígenes localizados de la agricultura y la ganadería son solo una parte de la explicación de los diferentes destinos de los pueblos. Las sociedades que superaron esta fase de cazadores-recolectores se encontraron con más probabilidades de desarrollo, supervivencia y poder bélico. Armas, gérmenes y acero, Premio Pulitzer, cuestiona la prepotente visión occidental del progreso humano y nos ayuda a comprender cómo el mundo moderno y sus desigualdades han llegado a ser como son. | ||
| 583 | |c 20220314 |k Yessy Stephany Diaz Vidal | ||
| 650 | 0 | |a Evolución social |9 260808 | |
| 650 | |a Civilización |x Historia |9 869357 | ||
| 650 | 0 | |a Etnología |9 258726 | |
| 700 | |a Chueca Crespo, Fabián |9 865360 |e traducción | ||
| 942 | |2 ddc |c BK |n 0 | ||
| 952 | |0 0 |1 0 |2 ddc |4 0 |6 304_209000000000000_DIA_2013 |7 1 |8 C_AGB |9 581813 |a BIBDER |b BIBDER |d 2022-03-14 |e Donación |i 5650057 |l 1 |o 304.209 DIA 2013 |p 5650057 |r 2023-01-25 |s 2022-09-01 |t 1 |w 2022-03-14 |y BK_US |k AGB | ||